Statistiken für Länder Ozeaniens

Klicken Sie hier um das Quiz zu spielen!

Allgemein

  • Dieses Quiz wurde 10.327 mal gespielt
  • Das Durchschnittsergebnis liegt bei 12 aus 14

Antworten auf der Karte

Die Antworten werden auf der Karte rot bzw. grün angezeigt, abhängig davon wie oft sie richtig erraten wurden.
Laden ...
 

Antwortstatistiken

Land% Korrekt
Australien
98%
Neuseeland
97%
Papua-Neuguinea
92%
Fidschi
89%
Mikronesien
86%
Marshallinseln
79%
Tuvalu
78%
Kiribati
77%
Palau
77%
Samoa
77%
Tonga
77%
Vanuatu
77%
Salomonen
76%
Nauru
75%

Verteilung der Resultate

Perzentil nach korrekt beantworteten Fragen

Anzahl Personen mit jedem Resultat

Ihre Resultats-Entwicklung

Sie haben dieses Quiz noch nicht gespielt